Is That A Star Wars First Name or Last Name? - Statistics

General Stats
  • This quiz has been taken 38 times
  • The average score is 13 of 15
Answer Stats
Question Answer % Correct
Calrissian? Last Name
100%
Tarkin? Last Name?
100%
Wedge? First Name
97%
Asajj? First Name
97%
Fisto? Last Name?
97%
Dameron? Last Name
97%
Shmi? First Name
93%
Bo-Katan? First Name
93%
Djarin? Last Name
90%
Tano? Last Name
86%
Tico? Last Name
86%
Wren? Last Name
79%
Garazeb? First Name
72%
Luminara? First Name
72%
Lux? First Name
69%
No matching quizzes found
Score Distribution
Percent of People with Each Score
Percentile by Number Answered
Your Score History
You have not taken this quiz